Tam quốc diễn nghĩa liên hoàn họa : Truyện tranh Tập 39 Nhấn chìm bảy đạo quân

Tập kể về việc Quan Vũ dùng mưu tháo nước sông Trường Giang, phá tan đại quân Tào, bắt sống Vũ Cấm, Bàng Đức.

Uloženo v:
Podrobná bibliografie
Hlavní autor: La Quán Trung
Další autoři: Điền Y (Lời), Ngô Kì Nhu (Lời), Uông Ngọc Sơn (Tranh), Phùng Mặc Nông (Tranh), Nghiêm Thiệu Đường (Tranh), Trần Đình Chiến (Dịch)
Médium: Kniha
Jazyk:Vietnamese
Vydáno: H. Văn học 2016
Vydání:Tái bản lần thứ 1
Témata:
Tagy: Přidat tag
Žádné tagy, Buďte první, kdo otaguje tento záznam!
Thư viện lưu trữ: Thư viện Trường Đại học Nam Cần Thơ
LEADER 01643nam a22002897a 4500
001 NCT_4_021157
008 250524b xxu||||| |||| 00| 0 vie d
999 |c 9033  |d 9033 
020 |a 97860475304  |c 11500 
082 0 4 |2 23rd ed.  |a 895.1  |b Tr513/T.39 
100 1 |a La Quán Trung 
245 1 0 |a Tam quốc diễn nghĩa liên hoàn họa :   |b Truyện tranh  |n Tập 39  |p Nhấn chìm bảy đạo quân  |c La Quán Trung (Nguyên tác) ; Điền Y, Ngô Kì Nhu (Lời) ; Uông Ngọc Sơn, Phùng Mặc Nông, Nghiêm Thiệu Đường (Tranh) ; Trần Đình Chiến (Dịch) 
250 |a Tái bản lần thứ 1  
260 |a H.   |b Văn học  |c 2016 
300 |a 118 tr.  |b Minh họa  |c 16 x 12 cm  
500 |a Đông A biên chỉnh theo bản Tam quốc diễn nghĩa do Phan Kế Bính dịch, Bùi Kỷ hiện đính, Nxb Phổ Thông, 1659-1960 
520 3 |a Tập kể về việc Quan Vũ dùng mưu tháo nước sông Trường Giang, phá tan đại quân Tào, bắt sống Vũ Cấm, Bàng Đức. 
653 |a Tham Khảo 
700 0 |a Điền Y  |e Lời 
700 1 |a Ngô Kì Nhu  |e Lời 
700 1 |a Uông Ngọc Sơn  |e Tranh 
700 1 |a Phùng Mặc Nông  |e Tranh 
700 1 |a Nghiêm Thiệu Đường  |e Tranh 
700 1 |a Trần Đình Chiến  |e Dịch 
942 |2 ddc  |c BK 
952 |0 0  |1 0  |2 ddc  |4 0  |6 895_100000000000000_TR513_T_39  |7 0  |9 30841  |a 000001  |b 000001  |d 2025-05-24  |o 895.1 Tr513/T.39  |p TK.05534  |r 2025-05-24  |v 11500.00  |w 2025-05-24  |y BK 
980 |a Thư viện Trường Đại học Nam Cần Thơ